ਕਾਵਿ - ਗੰਗਾ / (Record no. 55068)

MARC details
000 -LEADER
fixed length control field 00981nam a22002777a 4500
005 - DATE AND TIME OF LATEST TRANSACTION
control field 2011080406576.0
008 - FIXED-LENGTH DATA ELEMENTS--GENERAL INFORMATION
fixed length control field 090728t xxu||||| |||| 00| 0 pun d
010 ## - LCCN (DPL NO)
LC control number PUN-6937
020 ## - INTERNATIONAL STANDARD BOOK NUMBER
Terms of availability 150.00
International Standard Book Number 9788171165582
035 ## - SYSTEM CONTROL NUMBER
System control number PN-6055
037 ## - SOURCE OF ACQUISITION
Source of stock number/acquisition DBAD / PUB
040 ## - CATALOGING SOURCE
Original cataloging agency dpl
Language of cataloging pn
082 ## - DEWEY DECIMAL CLASSIFICATION NUMBER
Classification number 851
100 ## - MAIN ENTRY--PERSONAL NAME
9 (RLIN) 24414
Personal name ਹਰਭਜਨ ਸਿੰਘ ਮਾੰਗਟ
245 ## - TITLE STATEMENT
Title ਕਾਵਿ - ਗੰਗਾ /
Statement of responsibility, etc ਹਰਭਜਨ ਸਿੰਘ ਮਾੰਗਟ
246 ## - VARYING FORM OF TITLE
Title proper/short title Kaav-Ganga
Remainder of title by Harbhajan Singh Mangat
260 ## - PUBLICATION, DISTRIBUTION, ETC. (IMPRINT)
Place of publication, distribution, etc Delhi
Name of publisher, distributor, etc National Book Shop
Date of publication, distribution, etc 2011
270 ## - ADDRESS
Address Pleasure Garden Market, Chandni chowk
City Delhi
Postal code 110 006
Telephone number 011-23264342
300 4# - PHYSICAL DESCRIPTION
Extent 95 ਸਫੇ
Dimensions 22ਸੇਮੀ (ਸਜਿਲੱਦ)
600 ## - SUBJECT ADDED ENTRY--PERSONAL NAME
9 (RLIN) 31401
650 ## - SUBJECT ADDED ENTRY--TOPICAL TERM
9 (RLIN) 24412
650 ## - SUBJECT ADDED ENTRY--TOPICAL TERM
9 (RLIN) 24431
700 ## - ADDED ENTRY--PERSONAL NAME
9 (RLIN) 31690
942 ## - ADDED ENTRY ELEMENTS (KOHA)
Source of classification or shelving scheme Dewey Decimal Classification
Item type Punjabi Bks
Classification part 851
Call number suffix ਹਰਭ
Holdings
Withdrawn status Lost status Source of classification or shelving scheme Damaged status Not for loan Collection code Home library Current library Date acquired Source of acquisition Cost, normal purchase price Total Checkouts Full call number Barcode Date last seen Copy number Cost, replacement price Koha item type
    Dewey Decimal Classification     Non-fiction D.B.Act.Division D.B.Act.Division 09/08/2011 DBAD/PUB 150.00   851 ਹਰਭ PN-6055 09/08/2011 1 150.00 Punjabi Bks

© Delhi Public Library
Hit Counter
free hit counter